[Event "Regionalliga NO 0203"]
[Site "Bayern"]
[Date "2002.12.15"]
[Round "3.6"]
[White "Goecke, Hermann"]
[Black "Firla, Erwin"]
[Result "1-0"]
[WhiteElo "1973"]
[BlackElo "1981"]
[PlyCount "59"]
[EventDate "2002.10.20"]
[EventType "team-tourn"]
[EventRounds "9"]
[EventCountry "GER"]
[SourceTitle "EXT 2004"]
[Source "ChessBase"]
[SourceDate "2003.11.25"]
[SourceVersion "1"]
[SourceVersionDate "2003.11.25"]
[SourceQuality "1"]
[WhiteTeam "Erlangen"]
[BlackTeam "Postbauer Heng"]
[WhiteTeamCountry "GER"]
[BlackTeamCountry "GER"]

1. c4 e5 2. Nc3 Nf6 3. Nf3 d6 4. d4 exd4 5. Nxd4 Be7 6. g3 0-0 7. Bg2 Nbd7 8. 0-0 Nb6 9. b3 a6 10. Bb2 d5 11. cxd5 Nbxd5 12. Nxd5 Nxd5 13. e3 Bf6 14. Rc1 c6 15. Qd2 Nc7 16. Qc2 Bd7 17. Rfd1 Qc8 18. Rd2 Bh3 19. Be4 h6 20. Nf5 Bxf5 21. Bxf5 Ne6 22. Bxf6 gxf6 23. Rcd1 Qe8 24. Qc3 Kg7 25. Rd7 Ng5 26. Bc2 Rb8 27. Qd3 Rh8 28. Qg6+ Kf8 29. Qxf6 Rg8 30. Rd8 1-0

[Event "Landesliga Nord 0102"]
[Site "Bayern"]
[Date "2002.03.17"]
[Round "7.4"]
[White "Koepf, Reinhard"]
[Black "Goecke, Hermann"]
[Result "1-0"]
[WhiteElo "2070"]
[BlackElo "2000"]
[PlyCount "115"]
[EventDate "2001.10.07"]
[EventType "team"]
[EventRounds "9"]
[EventCountry "GER"]
[SourceTitle "EXT 2003"]
[Source "ChessBase"]
[SourceDate "2002.11.25"]
[SourceVersion "1"]
[SourceVersionDate "2002.11.25"]
[SourceQuality "1"]
[WhiteTeam "Forchheim II"]
[BlackTeam "Erlangen"]
[WhiteTeamCountry "GER"]
[BlackTeamCountry "GER"]

1. d4 d5 2. Nf3 Nf6 3. Bg5 e6 4. e3 Be7 5. Nbd2 b6 6. Bb5+ c6 7. Bd3 Bb7 8. 0-0 0-0 9. Ne5 Nbd7 10. Ndf3 c5 11. c3 Ne4 12. Bxe7 Qxe7 13. Nxd7 Qxd7 14. Ne5 Qe7 15. Bxe4 dxe4 16. f4 exf3 17. Nxf3 Rfd8 18. Qe2 a5 19. Rf2 f6 20. Qb5 Qc7 21. Re1 a4 22. Qe2 a3 23. b3 Ba6 24. Qc2 Rd7 25. Qe4 Re8 26. c4 Bb7 27. Qg4 Qd8 28. Rd1 Rd6 29. Rfd2 Bxf3 30. Qxf3 Qd7 31. d5 exd5 32. Rxd5 Ree6 33. Kf2 Qe7 34. R1d3 g6 35. g3 Kf7 36. h4 Kg7 37. h5 Rxd5 38. Rxd5 Re5 39. hxg6 hxg6 40. Qf4 Re4 41. Qf3 f5 42. Qd1 Qf6 43. Rd7+ Re7 44. Rd3 Qb2+ 45. Qe2 Qa1 46. Rd1 Qe5 47. Qd2 g5 48. Rc1 Kg6 49. Rd1 Re6 50. Qd3 Qh8 51. Qd5 Qh2+ 52. Kf1 Rf6 53. Qg8+ Kh5 54. Qh7+ Rh6 55. Qxf5 Qxg3 56. Ke2 Qg4+ 57. Qf3 Rf6 58. Rh1+ 1-0

[Event "Landesliga Nord 0102"]
[Site "Bayern"]
[Date "2001.10.07"]
[Round "1.5"]
[White "Goecke, Hermann"]
[Black "Assmann, Norbert"]
[Result "0-1"]
[WhiteElo "2000"]
[BlackElo "2055"]
[PlyCount "130"]
[EventDate "2001.10.07"]
[EventType "team"]
[EventRounds "9"]
[EventCountry "GER"]
[SourceTitle "EXT 2003"]
[Source "ChessBase"]
[SourceDate "2002.11.25"]
[SourceVersion "1"]
[SourceVersionDate "2002.11.25"]
[SourceQuality "1"]
[WhiteTeam "Erlangen"]
[BlackTeam "Sailauf"]
[WhiteTeamCountry "GER"]
[BlackTeamCountry "GER"]

1. c4 Nf6 2. Nc3 g6 3. Nf3 c5 4. g3 Bg7 5. Bg2 0-0 6. d4 cxd4 7. Nxd4 Nc6 8. 0-0 Nxd4 9. Qxd4 d6 10. Qd3 Bf5 11. e4 Be6 12. b3 Qa5 13. Bd2 Qh5 14. Rfe1 Ng4 15. h3 Ne5 16. Qe2 Qxe2 17. Rxe2 Bxh3 18. Bxh3 Nf3+ 19. Kg2 Nxd2 20. Rc1 Bxc3 21. Rxc3 Nb1 22. Rd3 Na3 23. Rd5 b6 24. f4 Rab8 25. e5 dxe5 26. Rd7 e6 27. Rxa7 Ra8 28. Rxa8 Rxa8 29. Rxe5 Rd8 30. Kf2 Kf8 31. Bg2 Nc2 32. Re2 Nb4 33. Be4 Ke7 34. Ke3 f5 35. Bf3 Rd3+ 36. Kf2 Kd6 37. Bb7 Kc7 38. Bf3 Rd6 39. Ke3 Rd3+ 40. Kf2 Rd6 41. a3 Nd3+ 42. Kf1 Nc1 43. Re3 Kd7 44. Rc3 Nd3 45. Ke2 Nc5 46. b4 Na6 47. Rd3 h6 48. Ke3 g5 49. Rxd6+ Kxd6 50. Kd4 g4 51. Bg2 h5 52. Bb7 Nb8 53. c5+ bxc5+ 54. bxc5+ Kd7 55. a4 Nc6+ 56. Ke3 Na5 57. Ba6 Nb3 58. Bb5+ Kc7 59. c6 Na5 60. Kd4 Nxc6+ 61. Kc5 Na5 62. Kd4 Nb3+ 63. Ke5 Nd2 64. Kxe6 h4 65. gxh4 g3 0-1

[Event "Landesliga Nord 0001"]
[Site "Bayern"]
[Date "2001.04.29"]
[Round "9"]
[White "Goecke, Hermann"]
[Black "Strube, Frank"]
[Result "0-1"]
[WhiteElo "2020"]
[BlackElo "2180"]
[PlyCount "78"]
[EventDate "2000.10.15"]
[EventType "team-tourn"]
[EventRounds "9"]
[EventCountry "GER"]
[SourceTitle "EXT 2020"]
[Source "ChessBase"]
[SourceDate "2019.10.17"]
[SourceVersion "1"]
[SourceVersionDate "2019.10.17"]
[SourceQuality "1"]
[WhiteTeam "Erlangen TB"]
[BlackTeam "Zirndorf"]
[WhiteTeamCountry "GER"]
[BlackTeamCountry "GER"]

1. c4 f5 2. Nf3 Nf6 3. Nc3 e6 4. d4 d5 5. a3 c6 6. c5 Be7 7. Bf4 0-0 8. e3 Ne4 9. Qc2 Nd7 10. Ne5 Nxe5 11. Bxe5 Bf6 12. Bxf6 Qxf6 13. f4 Bd7 14. Bd3 Qh6 15. Ne2 Nf6 16. Qd2 Rae8 17. g3 g5 18. 0-0-0 b6 19. b4 gxf4 20. exf4 Rb8 21. Kc2 Be8 22. h3 Ne4 23. Qe3 Qf6 24. Rb1 Rf7 25. g4 Rfb7 26. Rhc1 Rg7 27. g5 Qd8 28. Bxe4 dxe4 29. Ng3 Rd7 30. Rd1 Rd5 31. Rd2 Qc7 32. Rb3 Rbd8 33. Ne2 Qg7 34. cxb6 axb6 35. Nc3 Rxd4 36. Rxd4 Qxd4 37. Qxd4 Rxd4 38. Ne2 Rd6 39. Rb1 Bh5 0-1

[Event "Landesliga Nord 0001"]
[Site "Bayern"]
[Date "2000.11.12"]
[Round "2"]
[White "Goecke, Hermann"]
[Black "Engelmann, Wolfgang"]
[Result "0-1"]
[WhiteElo "2015"]
[BlackElo "2140"]
[PlyCount "112"]
[EventDate "2000.10.15"]
[EventType "team-tourn"]
[EventRounds "9"]
[EventCountry "GER"]
[SourceTitle "EXT 2020"]
[Source "ChessBase"]
[SourceDate "2019.10.17"]
[SourceVersion "1"]
[SourceVersionDate "2019.10.17"]
[SourceQuality "1"]
[WhiteTeam "Erlangen TB"]
[BlackTeam "Fuerth SF"]
[WhiteTeamCountry "GER"]
[BlackTeamCountry "GER"]

1. c4 Nf6 2. Nc3 g6 3. g3 Bg7 4. Bg2 0-0 5. Nf3 c6 6. e4 d6 7. d4 Qa5 8. Bd2 e5 9. dxe5 dxe5 10. Qc2 Na6 11. Nd5 Qd8 12. Nxf6+ Bxf6 13. 0-0 Qe7 14. a3 Bg4 15. Be3 Nc5 16. h3 Bxf3 17. Bxc5 Qxc5 18. Bxf3 a5 19. Rad1 Rfd8 20. Rxd8+ Bxd8 21. a4 Bb6 22. Rd1 Qe7 23. Rd3 Bd4 24. Kg2 Qc5 25. b3 b5 26. axb5 cxb5 27. Rd2 a4 28. bxa4 bxc4 29. Bd1 c3 30. Re2 Rb8 31. Qd3 Rb2 32. Bc2 Qa3 33. Qc4 Rb4 34. Qd3 Qc1 35. Qd1 Qxd1 36. Bxd1 Rb1 37. Bc2 Ra1 38. Bb3 Kf8 39. g4 Ke7 40. Kf3 f6 41. Ba2 Kd6 42. Bb3 Kc5 43. Bc2 Kc4 44. h4 h5 45. gxh5 gxh5 46. Kg2 Ra2 47. Kf1 Rxc2 48. Rxc2 Kb3 49. Rc1 Kb2 50. Re1 c2 51. Ke2 c1Q 52. Rxc1 Kxc1 53. f4 Kc2 54. a5 Kc3 55. a6 Kc2 56. fxe5 fxe5 0-1